<?xml version="1.0" encoding="UTF-8"?>
<record
    xmlns:xsi="http://www.w3.org/2001/XMLSchema-instance"
    xsi:schemaLocation="http://www.loc.gov/MARC21/slim http://www.loc.gov/standards/marcxml/schema/MARC21slim.xsd"
    xmlns="http://www.loc.gov/MARC21/slim">

  <leader>01273nam a2200229 a 4500</leader>
  <controlfield tag="001">BRCA_8318</controlfield>
  <controlfield tag="005">20190320210226.0</controlfield>
  <controlfield tag="008">250614m17801788enka###g##---#001-0#eng-#</controlfield>
  <datafield tag="041" ind1=" " ind2=" ">
    <subfield code="a">eng</subfield>
  </datafield>
  <datafield tag="044" ind1=" " ind2=" ">
    <subfield code="a">enk</subfield>
  </datafield>
  <datafield tag="050" ind1=" " ind2="4">
    <subfield code="a">PZ1</subfield>
    <subfield code="b">.N6 1780</subfield>
  </datafield>
  <datafield tag="245" ind1="1" ind2="0">
    <subfield code="a">The Novelist&#xB4;s Magazine</subfield>
  </datafield>
  <datafield tag="260" ind1=" " ind2=" ">
    <subfield code="a">Londres</subfield>
    <subfield code="b">Harrison &amp; Co.</subfield>
    <subfield code="c">1780-1788</subfield>
  </datafield>
  <datafield tag="300" ind1=" " ind2=" ">
    <subfield code="a">11 v.</subfield>
    <subfield code="b">il.</subfield>
    <subfield code="c">22 cm.</subfield>
  </datafield>
  <datafield tag="500" ind1=" " ind2=" ">
    <subfield code="a">Once vol&#xFA;menes diferentes de una misma serie inventariados por el Banco de M&#xE9;xico como un s&#xF3;lo libro</subfield>
  </datafield>
  <datafield tag="500" ind1=" " ind2=" ">
    <subfield code="a">Estado f&#xED;sico: los vol&#xFA;menes 2, 3, 6 y 13 con tapas y lomo rotos sujetados por un lazo</subfield>
  </datafield>
  <datafield tag="500" ind1=" " ind2=" ">
    <subfield code="a">R8</subfield>
  </datafield>
  <datafield tag="505" ind1="0" ind2=" ">
    <subfield code="a">v.2 Solyman and Almena and other stories (1780).-- v.3 The tales of the Genii and Tom Jones (1781).-- v.4 Gil Blas and Robinson Crusoe (1781).-- v.6 Peregrine Pickle and Marmontel&#xB4;s tales (1782).-- v.7 The fortunate Country Maid (1782).-- v.11 The fifth, sixth and seventh volumes of Sir Charles Grandison (1783).-- v.13 Betsy Thoughtlefs and the persian tales (1784).-- v.14 The first, second, third and fourth volumes of Clarissa (1784).-- v.16 Avellanedas Quixote (1784).-- v.18 The arabian nights enterteinments (1785).-- v.23 Rosselas, prince of Abissinia</subfield>
  </datafield>
  <datafield tag="650" ind1="1" ind2="4">
    <subfield code="a">Cuentos juveniles</subfield>
    <subfield code="v">Antolog&#xED;as</subfield>
    <subfield code="9">20773</subfield>
  </datafield>
  <datafield tag="902" ind1=" " ind2=" ">
    <subfield code="a">GFM</subfield>
  </datafield>
  <datafield tag="942" ind1=" " ind2=" ">
    <subfield code="2">lcc</subfield>
    <subfield code="c">B</subfield>
  </datafield>
  <datafield tag="999" ind1=" " ind2=" ">
    <subfield code="c">7986</subfield>
    <subfield code="d">7986</subfield>
  </datafield>
  <datafield tag="952" ind1=" " ind2=" ">
    <subfield code="0">0</subfield>
    <subfield code="1">0</subfield>
    <subfield code="4">0</subfield>
    <subfield code="7">0</subfield>
    <subfield code="a">BRCA</subfield>
    <subfield code="b">BRCA</subfield>
    <subfield code="d">2014-06-25</subfield>
    <subfield code="i">R8</subfield>
    <subfield code="l">0</subfield>
    <subfield code="o">PZ1 .N6 1780 (R8)</subfield>
    <subfield code="p">8942</subfield>
    <subfield code="r">2019-03-22 00:00:00</subfield>
    <subfield code="w">2019-03-22</subfield>
    <subfield code="y">B</subfield>
  </datafield>
</record>
